=LDR 00000nam 2200000 4500 =001 INLIS000000000053108 =005 20180331103715 =035 ##$$a 0010-0318000335 =007 ta =008 180331###########################0###### =020 ##$$a 978-979-27-0826-4 =082 ##$$a 028.5 =084 ##$$a 028.5 Hel m =100 #$$a Helen =245 1#$$a Mari Menjelajah Saturnus /$c Helen dan David Orme =260 ##$$a Jakarta :$b Elex Media Komputindo,$c 2007 =300 ##$$a 24 hlm : $b Ilus ; $c 21 cm =990 ##$$a 68516851 =990 ##$$a 00092246